Statistics for Cities by Rail transit logo #3

Click here to take the quiz!

General Stats

  • This quiz has been taken 25 times
  • The average score is 4 of 12

Answer Stats

Answer% Correct
San Francisco
80%
Glasgow
55%
Seoul
45%
Montreal
40%
Tehran
35%
Bangkok
30%
Doha
30%
Budapest
25%
St Petersburg
25%
Athens
20%
Santiago
20%
Jakarta
15%

Score Distribution

Percentile by Number Answered

Percent of People with Each Score

Your Score History

You have not taken this quiz